Online
Catalog

Historia social de Santiago de los Caballeros : (Record no. 57036)

MARC details
000 -CABECERA
campo de control de longitud fija 02393nam a2200421 i 4500
003 - IDENTIFICADOR DEL NÚMERO DE CONTROL
campo de control DO-SdBNP
005 - FECHA Y HORA DE LA ÚLTIMA TRANSACCIÓN
campo de control 20260521073717.0
007 - CAMPO FIJO DE DESCRIPCIÓN FÍSICA--INFORMACIÓN GENERAL
campo de control de longitud fija ta
008 - DATOS DE LONGITUD FIJA--INFORMACIÓN GENERAL
campo de control de longitud fija 240627s2024 dr ac 000 j spa d
020 ## - NÚMERO INTERNACIONAL ESTÁNDAR DEL LIBRO
Número Internacional Estándar del Libro 9789945510126 (v. 1)
020 ## - NÚMERO INTERNACIONAL ESTÁNDAR DEL LIBRO
Número Internacional Estándar del Libro 9789945510133 (v. 2)
040 ## - FUENTE DE LA CATALOGACIÓN
Centro catalogador/agencia de origen DO-SdBNP
Lengua de catalogación spa
Centro/agencia transcriptor BNPHU
Normas de descripción rda
041 ## - CÓDIGO DE LENGUA
Código de lengua del texto/banda sonora o título independiente spa
082 #4 - NÚMERO DE LA CLASIFICACIÓN DECIMAL DEWEY
Número de clasificación 972.9356
Número de documento/Ítem E77h 2024
Número de edición 22
100 1# - ENTRADA PRINCIPAL--NOMBRE DE PERSONA
Nombre de persona Espinal Hernández, Edwin,
Fechas asociadas al nombre 1971-
Término indicativo de función/relación autor
Código de función/relación aut.
9 (RLIN) 8396
245 10 - MENCIÓN DE TÍTULO
Título Historia social de Santiago de los Caballeros :
Resto del título 1900-1916 /
Mención de responsabilidad, etc. Edwin Espinal Hernández ; prólogo Frank Moya Pons ; presentación Roberto Cassá ; introducción Tulio Hernández ; jurado Carmen Durán, Mu-Kien Adriana Sang Ben, José G. Guerrero.
264 #4 - PRODUCCIÓN, PUBLICACIÓN, DISTRIBUCIÓN, FABRICACIÓN Y COPYRIGHT
Producción, publicación, distribución, fabricación y copyright Santo Domingo :
Nombre del de productor, editor, distribuidor, fabricante Editora Nacional,
-- Ministerio de Cultura de la República Dominicana,
Fecha de producción, publicación, distribución, fabricación o copyright ©2024.
300 ## - DESCRIPCIÓN FÍSICA
Extensión 2 volumenes :
Otras características físicas ilustraciones, fotografías, retratos ;
Dimensiones 27 cm.
336 ## - TIPO DE CONTENIDO
Término de tipo de contenido texto
Código de tipo de contenido txt
Fuente rdacontent
337 ## - TIPO DE MEDIO
Nombre/término del tipo de medio sin mediación
Código del tipo de medio n
Fuente rdamedia
338 ## - TIPO DE SOPORTE
Nombre/término del tipo de soporte volumen
Código del tipo de soporte nc
Fuente rdacarrier
500 ## - NOTA GENERAL
Nota general Incluye datos biográficos del autor en las solapas.
500 ## - NOTA GENERAL
Nota general Incluye referencias bibliográficas y notas a pie de páginas.
504 ## - NOTA DE BIBLIOGRAFÍA, ETC.
Nota de bibliografía, etc. Bibliografía en el tomo : páginas 675-706
505 2# - NOTA DE CONTENIDO CON FORMATO
Nota de contenido con formato Abreviaturas --
Título Tabla de concordancia --
-- Prólogo --
-- Presentación --
-- Introducción --
Información miscelánea Capitulo 1.
Título El espacio construido --
Información miscelánea Capitulo 2.
Título La estructura económica --
Información miscelánea Capitulo 3. --
Título Población e inmigración --
Información miscelánea Capitulo 4. --
Título Rituales colectivos y vida cotidiana --
Información miscelánea Capitulo 5.
Título Cultura y asociatividad --
Información miscelánea Capitulo 6.
Título Medios de comunicación --
Información miscelánea Capitulo 7.
Título Servicios públicos --
Información miscelánea Capitulo 8.
Título Conclusiones --
-- Nuevo siglo, nuevas fisonomías --
-- Bibliografía
586 ## - NOTA DE PREMIOS
Nota de premios Premio anual de Historia José Gabriel García, 2020.
590 ## - NOTA LOCAL (RLIN)
Nota local Inventariado, 2024/ YL
650 #4 - PUNTO DE ACCESO ADICIONAL DE MATERIA--TÉRMINO DE MATERIA
Término de materia o nombre geográfico como elemento de entrada Historia social
Subdivisión geográfica República Dominicana
Subdivisión cronológica 1900-1916
9 (RLIN) 85877
651 #4 - PUNTO DE ACCESO ADICIONAL DE MATERIA--NOMBRE GEOGRÁFICO
Nombre geográfico Santiago de los Caballeros , República Dominicana
Subdivisión general Historia
Subdivisión cronológica 1900-1916
9 (RLIN) 85878
700 1# - PUNTO DE ACCESO ADICIONAL--NOMBRE DE PERSONA
Nombre de persona Moya Pons, Frank,
Término indicativo de función/relación prologuista
9 (RLIN) 84999
700 1# - PUNTO DE ACCESO ADICIONAL--NOMBRE DE PERSONA
Nombre de persona Cassá, Roberto,
Término indicativo de función/relación presentación
9 (RLIN) 81564
700 1# - PUNTO DE ACCESO ADICIONAL--NOMBRE DE PERSONA
Nombre de persona Hernández, Tulio,
Término indicativo de función/relación introducción
9 (RLIN) 32766
700 1# - PUNTO DE ACCESO ADICIONAL--NOMBRE DE PERSONA
Nombre de persona Durán, Carmen ,
Término indicativo de función/relación jurado
9 (RLIN) 13188
700 1# - PUNTO DE ACCESO ADICIONAL--NOMBRE DE PERSONA
Nombre de persona Sang, Mu-Kien A.
Fechas asociadas al nombre 1955-
Forma completa/desarrollada del nombre (Mu-Kien Adriana)
Término indicativo de función/relación Jurado
9 (RLIN) 331
700 1# - PUNTO DE ACCESO ADICIONAL--NOMBRE DE PERSONA
Nombre de persona Guerrero, José G.,
Término indicativo de función/relación jurado
910 ## - DATOS DE OPCIÓN DEL USUARIO (OCLC)
Datos de opción del usuario YLockward/Validado, 2024/MFF
942 ## - ELEMENTOS DE PUNTO DE ACCESO ADICIONAL (KOHA)
Fuente del sistema de clasificación o colocación Dewey Decimal Classification
Tipo de ítem Koha Libro
Holdings
Estado de retiro Estado de pérdida Fuente del sistema de clasificación o colocación Restricciones de uso No para préstamo Código de colección Localización permanente Ubicación/localización actual Ubicación en estantería Fecha de adquisición Fuente de adquisición Total de préstamos Signatura topográfica completa Código de barras Fecha visto por última vez Número de copia Precio válido a partir de Tipo de ítem Koha
    Dewey Decimal Classification Excluido de préstamo   Patrimonio Dominicano Biblioteca Nacional Pedro Henríquez Ureña Biblioteca Nacional Pedro Henríquez Ureña Depósito 01.04.2024 Deposito Legal   BNPHU PD 972.9356 E77h 2024 2024-3787 27.06.2024 v. 1 27.06.2024 Libro
    Dewey Decimal Classification Excluido de préstamo   Patrimonio Dominicano Biblioteca Nacional Pedro Henríquez Ureña Biblioteca Nacional Pedro Henríquez Ureña Depósito 01.04.2024 Deposito Legal   BNPHU PD 972.9356 E77h 2024 2024-3788 27.06.2024 v. 1, e. 2 27.06.2024 Libro
    Dewey Decimal Classification Excluido de préstamo   Patrimonio Dominicano Biblioteca Nacional Pedro Henríquez Ureña Biblioteca Nacional Pedro Henríquez Ureña Depósito 01.04.2024 Deposito Legal   BNPHU DS 972.9356 E77h 2024 2024-3789 27.06.2024 v. 1, e.3 27.06.2024 Libro
    Dewey Decimal Classification Excluido de préstamo   Patrimonio Dominicano Biblioteca Nacional Pedro Henríquez Ureña Biblioteca Nacional Pedro Henríquez Ureña Depósito 01.04.2024 Deposito Legal   BNPHU PD 972.9356 E77h 2024 2024-3790 27.06.2024 v. 2 27.06.2024 Libro
    Dewey Decimal Classification Préstamo en sala   Dominicana de Servicio Biblioteca Nacional Pedro Henríquez Ureña Biblioteca Nacional Pedro Henríquez Ureña Depósito 01.04.2024 Deposito Legal   BNPHU PD 972.9356 E77h 2024 2024-3791 27.06.2024 v. 2, e. 2 27.06.2024 Libro
    Dewey Decimal Classification Préstamo en sala   Dominicana de Servicio Biblioteca Nacional Pedro Henríquez Ureña Biblioteca Nacional Pedro Henríquez Ureña Depósito 01.04.2024 Deposito Legal   BNPHU DS 972.9356 E77h 2024 2024-3792 27.06.2024 v. 2, e. 3 27.06.2024 Libro

Powered by Koha